| 000 | 00773cam a2200229 4500 | ||
|---|---|---|---|
| 001 | ABS61802 | ||
| 008 | 000000n2000 000 0 eng u | ||
| 035 | _a(Sirsi) u103795 | ||
| 100 | _aIreland, C. | ||
| 245 | _aHow to win over the sceptics | ||
| 260 | _c2000 | ||
| 490 |
_aEstates Gazette _v(0001) 8 january 2000, 81-82(2) |
||
| 520 | _aLooks at the challenges facing the investment market over the coming years. Discusses the impact of e-commerce, new proposals by the Accounting Standards Board and the likely impact of increases in stamp duty. | ||
| 590 | _aABS | ||
| 650 | _aINVESTMENT MARKET | ||
| 650 | _aINSTITUTIONAL INVESTORS | ||
| 650 | _aE-COMMERCE | ||
| 650 | _aSTAMP DUTY | ||
| 650 | _aLEASE LIABILITIES | ||
| 690 | _aINVESTMENT | ||
| 942 | _n0 | ||
| 999 |
_c62327 _d62327 |
||